La Dotació i la inversió pública en infraestructures a la província de Barcelona 1991-2002 / Anaís Tarragó, Joan Maria Mussons, Institut d'Estudis Regionals i Metropolitans de Barcelona (IERMB)
ISBN:
84-9803-134-6
Descripción Física:
155 p. : quadres, gràfics ; 29 cm
Colección:
Elements de debat territorial ; 25
MARC
| LEADER | 00000nam a2200000Ia 4500 | ||
|---|---|---|---|
| 001 | 18579 | ||
| 008 | 160829s2006 xx 000 0 cat d | ||
| 020 | |a 84-9803-134-6 | ||
| 080 | |a C-2-197 | ||
| 100 | |a Tarragó, Anaís |9 41517 | ||
| 245 | |a La Dotació i la inversió pública en infraestructures a la província de Barcelona 1991-2002 / Anaís Tarragó, Joan Maria Mussons, Institut d'Estudis Regionals i Metropolitans de Barcelona (IERMB) | ||
| 260 | |a Barcelona : |b Diputació de Barcelona, |c 2006 | ||
| 300 | |a 155 p. : |b quadres, gràfics ; |c 29 cm | ||
| 490 | |a Elements de debat territorial ; 25 | ||
| 590 | |a Bibliografia | ||
| 650 | |a Inversions públiques |x Barcelona (Província) |9 41518 | ||
| 650 | |a Infraestructures de transport |x Barcelona (Província) |9 41519 | ||
| 700 | |a Mussons, Joan Maria |9 17647 | ||
| 700 | |a Institut d'Estudis Regionals i Metropolitans de Barcelona |9 17648 | ||
| 901 | |a Arxiu | ||
| 942 | |n 1 | ||
| 952 | |0 0 |1 0 |4 0 |6 C2197 |7 1 |9 50238 |a Arxiu |b Arxiu |d 2016-12-01 |l 0 |o C-2-197 |p 18579 |r 2016-12-01 00:00:00 |w 2016-12-01 |y ARXIU | ||
| 999 | |c 54080 |d 54080 | ||